00720nam a2200229 a 4500001001300000003000900013005001700022008004100039020002300080082001600103100002100119245005700140260003300197300001000230500003500240650003100275700002100306902000800327942000700335952013100342999001700473nice12345678IN_TiNIC20260116014922.0140116s2009 inda grp 000 0 eng  a9780143068174c27500a297.63bKHA aKhan, Wahiduddin aProphet of Peaceb Teachings of the Prophet Muhammad aIndia bPenguin Books c2009 a226p  aincludes index and biblioraphy aMuhammad, Prophet of Islam1 aKhan, Wahiduddin bSRS cBK 001040708StackRoom-aHMIbHMId2014-01-16g275.00l3o297.63 KHAp11002705r2020-03-11s2020-02-28v275.00w2014-01-16yBK c17540d17540